Statistics for Random Acronyms Quiz #7

Click here to take the quiz!

General Stats

  • This quiz has been taken 25,837 times
    (25,828 since last reset)
  • The average score is 10 of 24

Answer Stats

AcronymClueStands For% Correct
VPPoliticsVice President
96%
UFOAliensUnidentified Flying Object
82%
SNLTelevisionSaturday Night Live
76%
TMISlangToo Much Information
74%
TBAEventsTo Be Announced
71%
PINBankingPersonal Identification Number
64%
PTAEducationParent Teacher Association
60%
TLCSlangTender Loving Care
58%
RPGVideo GamesRole-Playing Game
56%
HIMYMTelevisionHow I Met Your Mother
52%
SIMagazineSports Illustrated
50%
WCBritishWater Closet
49%
ESLEducationEnglish as a Second Language
42%
IMDBWebsiteInternet Movie Database
41%
SWFPersonal AdsSingle White Female
36%
IPOBusinessInitial Public Offering
23%
nWoPro WrestlingNew World Order
21%
SATEducationScholastic Aptitude Test
16%
SLRPhotographySingle-Lens Reflex
15%
RINOPoliticsRepublican in Name Only
14%
UPCRetailUniversal Product Code
14%
NSAPersonal AdsNo Strings Attached
13%
RIFEmploymentReduction in Force
6%
TLAAcronymsThree-Letter Acronym
5%

Score Distribution

Percentile by Number Answered

Percent of People with Each Score

Your Score History

You have not taken this quiz since the last reset